Therapeutic modalities for musculoskeletal injuries
-д хадгалсан:
| Үндсэн зохиолчид: | , , |
|---|---|
| Формат: | Ном |
| Хэл сонгох: | англи |
| Хэвлэсэн: |
Champaign
Human Kinetics
2010
|
| Хэвлэл: | 3a. ed |
| Цуврал: | Athletic Training Education
|
| Нөхцлүүд: | |
| Шошгууд: |
Шошго нэмэх
Шошго байхгүй, Энэхүү баримтыг шошголох эхний хүн болох!
|
MARC
| LEADER | 00000nam a2200000 a 4500 | ||
|---|---|---|---|
| 001 | UCG4151 | ||
| 003 | CL-VaPUC | ||
| 008 | 101008e20100000US |||||||||||||||||eng|d | ||
| 020 | |a 9780736078917 | ||
| 082 | 0 | 4 | |a 615.82 |b DEN |2 21 |
| 100 | 0 | |a Denegar, Craig R |e author |9 553464 | |
| 700 | 0 | |a Saliba, Ethan |e author |9 553465 | |
| 700 | 0 | |a Saliba, Susan Foreman |e author |9 553466 | |
| 245 | 1 | 0 | |a Therapeutic modalities for musculoskeletal injuries |
| 250 | |a 3a. ed | ||
| 300 | |a 290 p | ||
| 942 | |c BK | ||
| 945 | |d 20101008 00:00:00 |a dcastane | ||
| 260 | |a Champaign |b Human Kinetics |c 2010 | ||
| 650 | 0 | |a Fisioterapia |9 307408 | |
| 650 | 7 | |a TERAPIA FISICA |2 CL-VaPUC |9 334239 | |
| 650 | 7 | |a PSICOMOTRICIDAD |2 CL-VaPUC |9 241072 | |
| 650 | 0 | |a Ejercicios físicos |9 307296 | |
| 650 | 0 | |a Medicina deportiva |9 307562 | |
| 583 | |a last modification |c 20101008 00:00:00 |k Rodrigo Vera | ||
| 490 | 0 | |a Athletic Training Education | |
| 999 | |c 342996 |d 342994 | ||
| 952 | |0 0 |1 0 |4 0 |6 615_820000000000000_DEN_2010 |7 0 |8 A |9 439797 |a BIBCUR |b BIBCUR |d 2019-11-22 |i 4724755 |o 615.82 DEN 2010 |p 4724755 |r 2025-04-22 |w 2019-11-22 |y BK |k KIN | ||
| 952 | |0 0 |1 0 |4 0 |6 615_820000000000000_DEN_2010 |7 0 |8 A |9 439798 |a BIBCUR |b BIBCUR |d 2019-11-22 |i 4724763 |o 615.82 DEN 2010 |p 4724763 |r 2025-04-22 |w 2019-11-22 |y BK |k KIN | ||
| 952 | |0 0 |1 0 |4 0 |6 615_820000000000000_DEN_2010 |7 0 |8 A |9 439799 |a BIBCUR |b BIBCUR |d 2019-11-22 |i 4724771 |o 615.82 DEN 2010 |p 4724771 |r 2025-04-22 |w 2019-11-22 |y BK |k KIN | ||
| 952 | |0 0 |1 0 |4 0 |6 615_820000000000000_DEN_2010 |7 0 |8 A |9 439800 |a BIBCUR |b BIBCUR |d 2019-11-22 |i 472478K |l 1 |o 615.82 DEN 2010 |p 472478K |r 2025-04-22 |s 2024-04-17 |w 2019-11-22 |y BK |k KIN | ||
| 952 | |0 0 |1 0 |4 0 |6 615_820000000000000_DEN_2010 |7 0 |8 A |9 439801 |a BIBCUR |b BIBCUR |d 2019-11-22 |i 4724798 |o 615.82 DEN 2010 |p 4724798 |r 2025-04-22 |w 2019-11-22 |y BK |k KIN | ||
| 952 | |0 0 |1 0 |4 0 |6 615_820000000000000_DEN_2010 |7 0 |8 A |9 439802 |a BIBCUR |b BIBCUR |d 2019-11-22 |i 4729692 |o 615.82 DEN 2010 |p 4729692 |r 2025-04-22 |w 2019-11-22 |y BK |k KIN | ||
| 952 | |0 0 |1 0 |4 0 |6 615_820000000000000_DEN_2010 |7 0 |8 A |9 439803 |a BIBCUR |b BIBCUR |d 2019-11-22 |i 4729706 |o 615.82 DEN 2010 |p 4729706 |r 2025-04-22 |w 2019-11-22 |y BK |k KIN | ||